Geography Quiz

Random Geography or City Quiz

'T', 'U' Cities in the Netherlands Quiz Stats

 Plays Quiz not verified by Sporcle

Challenge
Share
Tweet
Embed
Score 0/20 Timer 20:00
0 Plays Today
Rank - Pop. City % Correct
#1 - 295,445Utrecht
100%
#2 - 194,450Tilburg
92.6%
#4 - 35,905Uden
81.1%
#5 - 25,280Terneuzen
77.9%
#3 - 39,395Tiel
76.8%
#7 - 20,220Urk
72.6%
#9 - 13,465Uitgeest
69.5%
#6 - 24,840Uithoorn
68.4%
#10 - 12,875Twello
60%
#8 - 15,230Tegelen
57.9%
Rank - Pop. City % Correct
#11 - 10,495Ulft
54.7%
#13 - 8,560Ter Apel
49.5%
#15 - 7,785Udenhout
49.5%
#14 - 7,890Tholen
48.4%
#20 - 5,770Tubbergen
45.3%
#17 - 6,745't Harde
37.9%
#18 - 6,275Terheijden
36.8%
#12 - 9,050Ter Aar
30.5%
#19 - 6,110Ugchelen
29.5%
#16 - 7,675Teteringen
28.4%

You're not logged in!

Compare scores with friends on all Sporcle quizzes.
OR
Log In

You Might Also Like...

Show Comments

Extras

Top Quizzes Today


Score Distribution

Your Account Isn't Verified!

In order to create a playlist on Sporcle, you need to verify the email address you used during registration. Go to your Sporcle Settings to finish the process.

Report this User

Report this user for behavior that violates our Community Guidelines.

Details: